USA 40K Cities on a Map: Ohio - Statistics

General Stats
  • This quiz has been taken 11 times
  • The average score is 13 of 32
Answers on the Map
Answers color-coded by a green-red scale on the quiz's map according to % correct below.
 
Answer Stats
Answer % Correct
Cincinnati
100%
Cleveland
100%
Columbus
100%
Akron
80%
Dayton
80%
Toledo
80%
Canton
70%
Youngstown
70%
Cuyahoga Falls
40%
Elyria
40%
Hamilton
40%
Kettering
40%
Lorain
40%
Mansfield
40%
Middletown
40%
Parma
40%
Springfield
40%
Cleveland Heights
30%
Delaware
20%
Euclid
20%
Grove City
20%
Lakewood
20%
Mentor
20%
Newark
20%
Strongsville
20%
Beavercreek
10%
Dublin
10%
Fairfield
10%
Findlay
10%
Huber Heights
10%
Lancaster
0%
Reynoldsburg
0%
No matching quizzes found
Score Distribution
Percent of People with Each Score
Percentile by Number Answered
Your Score History
You have not taken this quiz